000 00492cam a2200181ua 4500
003 OSt
008 241223b |||||||| |||| 00| 0 eng d
020 _a81-204-0251-0
041 _aeng
082 _a621.47
_bSRI/WI
100 _aSrivastava, U K .
_96528
245 _aWind energy for water pumping : From policy to action /
250 _a1 /
260 _aNew Delhi :
_bOxford & IBH Publishing company ,
_c1987.
300 _a83 ; .
700 1 _aGirija, Sharan .
_96529
942 _cBK
999 _c2025
_d2025